| 000 | 01292nam a2200241Ia 4500 | ||
|---|---|---|---|
| 003 | Ost | ||
| 005 | 20260507075418.0 | ||
| 008 | 260507s9999||||xx |||||||||||||| ||und|| | ||
| 020 | _a9789957563738 | ||
| 040 | _cfsecg | ||
| 041 | _aara | ||
| 082 | _a330 | ||
| 100 |
_aالركيبات، كايد كريم _eمؤلف |
||
| 245 | 0 |
_aالفساد الإداري و المالي : _bمفهومه أثاره و طرق قياسه و جهود مكافحته / _c كايد كريم الركيبات |
|
| 260 |
_aعمان: _bدار الأيام, _c2015 |
||
| 300 |
_a266 صفحة؛ _bإيضاحات ؛ _c25 سم |
||
| 504 | _aالمراجع ص.259 | ||
| 520 | _aيتناول مفهوم الفساد في ضوء مدلول الأيات القرآنية الكريمة وأسباب الفساد الا داري والمالي، أثر الفساد الإداري و المالي في التنمية، آليات قياس الفساد وآليات مكافحته، الجهات المتهمة بمكافحة الفسادعالميا، أهم الاتفاقيات و الوثائق الدولية و العربية المتعلقة بالفساد. | ||
| 653 | _aالإصلاح الإداري | ||
| 653 | _aالفساد الإداري | ||
| 653 | _aجرائم الأموال | ||
| 942 | _cكتاب | ||
| 999 |
_c44456 _d44456 |
||